000 00844cam a22002293a 4500
001 40275
003 PGUSA
005 20140828083911.0
008 120719s2012||||xxu|||||s|||||000 | eng d
040 _aPGUSA
_beng
042 _adc
245 1 4 _aThe Celtic Magazine, Vol. I No. V :
_bA Monthly Periodical Devoted to the Literature, History, Antiquities, Folk Lore, Traditions, and the Social and Material Interests of the Celt at Home and Abroad
_h[electronic resource] /
_cVarious
260 _bProject Gutenberg,
_c2012
506 _aPublic domain in the USA.
516 _aElectronic text
700 1 _aMacbain, Alexander,
_d1855-1907
700 1 _aMackenzie, Alexander,
_d1838-1898
700 1 _aMacgregor, Alexander,
_d1806-1881
830 0 _aProject Gutenberg
_v40275
856 4 0 _uhttp://www.gutenberg.org/ebooks/40275
942 _cEB
999 _c269528
_d269528